000 00334nam a2200133Ia 4500
008 190722s9999 xx 000 0 und d
020 _a0-7167-2285-2
100 _aAnthony.J.F.Griffiths
245 3 _aAn Introduction to Genetic Analysis
250 _a5th
260 _aNew York
_bW.H.Freeman
_c1993
300 _a840
942 _cBK
999 _c1216
_d1216